Effect of vulcanization systems and method of cure on properties of natural rubber latex films (Record no. 58232)

MARC details
000 -LEADER
fixed length control field 00448nam a2200157Ia 4500
100 ## - MAIN ENTRY--AUTHOR NAME
Personal name Sebastian M Sunny
245 #0 - TITLE STATEMENT
Title Effect of vulcanization systems and method of cure on properties of natural rubber latex films
260 ## - PUBLICATION, DISTRIBUTION, ETC. (IMPRINT)
Name of publisher Rubber India
Year of publication 2005
300 ## - PHYSICAL DESCRIPTION
Number of Pages 16-Sep
650 ## - SUBJECT ADDED ENTRY--TOPICAL TERM
Topical Term Cure properties
650 ## - SUBJECT ADDED ENTRY--TOPICAL TERM
Topical Term NR latex films
650 ## - SUBJECT ADDED ENTRY--TOPICAL TERM
Topical Term Vulcanization
700 ## - ADDED ENTRY--PERSONAL NAME
Personal name George V
942 ## - ADDED ENTRY ELEMENTS (KOHA)
Koha item type Journals
Holdings
Withdrawn status Lost status Damaged status Not for loan Home library Current library Shelving location Date acquired Serial Enumeration / chronology Koha item type
      Journals RRII Library RRII Library Rubber chemistry 17/12/2021 Volume LVII, Issue 5 Journals